| 000 | 01201nam a2200313 a 4500 | ||
|---|---|---|---|
| 001 | 000023516 | ||
| 005 | 20200930022256.0 | ||
| 008 | 101210s1988 sp ab r 000 | spa d | ||
| 020 | _a848535186x | ||
| 040 |
_aDO-SdBNP _bspa _cBNPHU |
||
| 041 |
_aeng _hspa _2Código de idioma MARC |
||
| 082 |
_a155.9042 _bK61s |
||
| 100 | 1 |
_aKirsta, Alix _948465 |
|
| 240 | 1 | 0 |
_aThe book of stress survival _lespañol |
| 245 | 1 | 0 |
_aSuperar el estrés : _bcómo relajarse y vivir positivamente / _cAlix Kirsta; edicción de Phil Wilkinson; ilustración de Eugene Fleury, Andrew MacDonald, Joe Robinson; traducción de Graciela de Luis. |
| 260 |
_aBarcelona : _bIntegral, _c1988. |
||
| 300 |
_a192 p. : _bil., retrs ; _c24 cm. |
||
| 490 | 1 |
_aLos libros de Integral, _v13 |
|
| 534 |
_aTítulo original : _tThe book of stress survival |
||
| 650 | 4 |
_aEstrés (psicología) _9464 |
|
| 650 | 4 |
_aEstrés (psicología) _xTerapia _948466 |
|
| 700 | 1 |
_aWilkinson, Phil _eed. _948467 |
|
| 700 | 1 |
_aLuis, Graciela de _etr. _948468 |
|
| 700 | 1 |
_aFleury, Eugene _eil. _948469 |
|
| 710 | 2 |
_aMacDonald, Andrew _eil. _948470 |
|
| 711 | 2 |
_aRobinson, Joe _eil. _948471 |
|
| 830 | 0 |
_aLos libros de Integral, _v13 _948472 |
|
| 049 | _aBNGR | ||
| 999 |
_c23012 _d23012 |
||